[Event "Brno Duras op"]
[Site "Brno"]
[Date "2015.07.04"]
[Round "8"]
[White "Turza, Pavel"]
[Black "Dirgas, Josef"]
[Result "0-1"]
[WhiteElo "1801"]
[BlackElo "2023"]
[PlyCount "52"]
[EventDate "2015.06.27"]
[EventType "swiss"]
[EventRounds "9"]
[EventCountry "CZE"]
[SourceTitle "CBM 167 Extra"]
[Source "ChessBase"]
[SourceDate "2015.09.14"]
[SourceVersion "1"]
[SourceVersionDate "2015.09.14"]
[SourceQuality "1"]

1. c4 Nf6 2. Nf3 b6 3. d4 e6 4. e3 Bb4+ 5. Nc3 Bb7 6. Bd3 Ne4 7. Qc2 f5 8. Ke2 Bxc3 9. bxc3 0-0 10. Ba3 d6 11. h3 Nd7 12. Rh2 Qf6 13. h4 Qh6 14. Rah1 Ndf6 15. Bxe4 fxe4 16. Ng5 Ng4 17. g3 Nxh2 18. Rxh2 c5 19. Qa4 Qh5+ 20. Ke1 Qe8 21. Qxe8 Raxe8 22. h5 h6 23. Nh3 e5 24. Ng1 Ba6 25. Bb2 Bxc4 26. a3 a5 0-1

[Event "Brno Duras op"]
[Site "Brno"]
[Date "2015.07.02"]
[Round "6"]
[White "Turza, Pavel"]
[Black "Matula, Pavel"]
[Result "1-0"]
[WhiteElo "1801"]
[BlackElo "1720"]
[PlyCount "61"]
[EventDate "2015.06.27"]
[EventType "swiss"]
[EventRounds "9"]
[EventCountry "CZE"]
[SourceTitle "CBM 167 Extra"]
[Source "ChessBase"]
[SourceDate "2015.09.14"]
[SourceVersion "1"]
[SourceVersionDate "2015.09.14"]
[SourceQuality "1"]

1. c4 Nf6 2. Nf3 g6 3. d4 Bg7 4. Nc3 d6 5. e3 0-0 6. Be2 Nbd7 7. h4 e5 8. Ng5 exd4 9. exd4 Re8 10. Kf1 Nf8 11. h5 Qe7 12. hxg6 fxg6 13. Be3 h6 14. Nf3 Ng4 15. Bd2 Bf5 16. Nh4 Nxf2 17. Nxf5 Qxe2+ 18. Qxe2 Rxe2 19. Kxe2 Nxh1 20. Nxg7 Ng3+ 21. Kf3 Kxg7 22. Kxg3 Ne6 23. Be3 c6 24. d5 Nc7 25. Bf4 Rd8 26. dxc6 bxc6 27. c5 Nb5 28. Nxb5 cxb5 29. Bxd6 Kf6 30. Re1 a5 31. Be7+ 1-0

[Event "Brno CEZ op"]
[Site "Brno"]
[Date "2014.08.31"]
[Round "9"]
[White "Turza, Pavel"]
[Black "Glozar, Petr"]
[Result "1-0"]
[WhiteElo "1776"]
[BlackElo "1566"]
[PlyCount "57"]
[EventDate "2014.08.24"]
[EventType "swiss"]
[EventRounds "9"]
[EventCountry "CZE"]
[SourceTitle "CBM 162 Extra"]
[Source "ChessBase"]
[SourceDate "2014.10.17"]
[SourceVersion "1"]
[SourceVersionDate "2014.10.17"]
[SourceQuality "1"]

1. d4 d5 2. Nf3 e6 3. Bg5 Be7 4. h4 h6 5. Bf4 Nf6 6. e3 Bd7 7. Nfd2 Nc6 8. Be2 Bd6 9. c3 Bxf4 10. exf4 Qe7 11. a3 Qd6 12. g3 Ne7 13. Bd3 Qb6 14. Qc2 Bb5 15. Bxb5+ Qxb5 16. a4 Qc6 17. b4 a5 18. b5 Qd6 19. Nf3 Nd7 20. Nbd2 f6 21. Rd1 h5 22. c4 b6 23. Rc1 Nf5 24. c5 bxc5 25. dxc5 Qe7 26. Nb3 g6 27. Nfd4 Nb8 28. Kf1 0-0 29. Re1 1-0

[Event "Brno CEZ op"]
[Site "Brno"]
[Date "2014.08.24"]
[Round "1"]
[White "Turza, Pavel"]
[Black "Dvorak, Adam"]
[Result "0-1"]
[WhiteElo "1776"]
[BlackElo "2130"]
[PlyCount "76"]
[EventDate "2014.08.24"]
[EventType "swiss"]
[EventRounds "9"]
[EventCountry "CZE"]
[SourceTitle "CBM 162 Extra"]
[Source "ChessBase"]
[SourceDate "2014.10.17"]
[SourceVersion "1"]
[SourceVersionDate "2014.10.17"]
[SourceQuality "1"]

1. Nc3 c5 2. e4 a6 3. a4 e6 4. Nf3 d6 5. d3 Be7 6. Bf4 b6 7. Qd2 Bb7 8. Be2 Nf6 9. h3 Nc6 10. Bd1 0-0 11. g4 Ne8 12. Rg1 d5 13. g5 Nd4 14. e5 Nf5 15. Nh2 Kh8 16. Ng4 Nc7 17. Ne2 d4 18. Ng3 Nd5 19. Nf6 c4 20. Nxd5 Qxd5 21. Ne4 cxd3 22. cxd3 a5 23. Qe2 Bb4+ 24. Kf1 Ba6 25. Rc1 Rac8 26. Rxc8 Rxc8 27. Bc2 Rxc2 28. Qxc2 Qxe4 29. Qc8+ Bxc8 30. dxe4 Nh4 31. Ke2 Ba6+ 32. Kd1 Bc4 33. Rg3 Ng6 34. Bd2 Nxe5 35. Bxb4 axb4 36. Kd2 Nd7 37. b3 Ba6 38. f3 Nc5 0-1

[Event "Brno Duras op-A"]
[Site "Brno"]
[Date "2014.07.01"]
[Round "4"]
[White "Glacner, Karel"]
[Black "Turza, Pavel"]
[Result "1-0"]
[WhiteElo "1571"]
[BlackElo "1790"]
[PlyCount "185"]
[EventDate "2014.06.28"]
[EventType "swiss"]
[EventRounds "9"]
[EventCountry "CZE"]
[SourceTitle "CBM 161 Extra"]
[Source "ChessBase"]
[SourceDate "2014.08.29"]
[SourceVersion "1"]
[SourceVersionDate "2014.08.29"]
[SourceQuality "1"]

1. Nf3 Nf6 2. d4 d5 3. c4 c6 4. e3 Bf5 5. Nc3 e6 6. Nh4 Bg6 7. Be2 Bb4 8. Nxg6 hxg6 9. Qb3 Qb6 10. f3 dxc4 11. Qxc4 Na6 12. Kf2 Qc7 13. g3 Bd6 14. f4 g5 15. Bf3 gxf4 16. exf4 Rd8 17. Be3 Nb4 18. Ne2 Nbd5 19. Bd2 Qb6 20. Qc1 c5 21. Bc3 Nxc3 22. bxc3 Qc7 23. Qb2 b6 24. Qb5+ Kf8 25. Kg2 Be7 26. Rhc1 Nd5 27. Qd3 g5 28. Bxd5 Rxd5 29. c4 Rd8 30. Rf1 Qc6+ 31. Kg1 cxd4 32. Rf2 g4 33. Rd1 Bf6 34. Rc1 Rh5 35. Rc2 Kg7 36. Rf1 Rdh8 37. Nc1 Ra5 38. Nb3 Ra3 39. Qe2 Kf8 40. Nc1 Rg8 41. Rf2 Qc5 42. Nd3 Qa5 43. Qd2 Qxd2 44. Rfxd2 Ra5 45. c5 bxc5 46. Nxc5 Kg7 47. Ne4 Rd8 48. Nf2 d3 49. Rxd3 Rxd3 50. Nxd3 Bd4+ 51. Kg2 Ra3 52. Nb4 Rc3 53. Rxc3 Bxc3 54. Nc6 a5 55. a4 f6 56. Kf2 Kf7 57. Ke3 Ke8 58. Kd3 Be1 59. Ke2 Bb4 60. Na7 Kd7 61. Nb5 Kc6 62. Nd4+ Kd5 63. Kd3 Bc5 64. Nb3 Bb6 65. Nd2 Bg1 66. Ke2 e5 67. fxe5 fxe5 68. Nb3 Bb6 69. Kd3 e4+ 70. Ke2 Kc4 71. Nd2+ Kd4 72. Nf1 Ke5 73. Nd2 Kd4 74. Nf1 Kd5 75. Nd2 Bc5 76. Nb3 Bb4 77. Ke3 Bc3 78. Kf4 Kc4 79. Nxa5+ Kd3 80. Nb3 e3 81. Nc1+ Kc2 82. Ne2 Bd2 83. Kxg4 Kd3 84. Kf3 Ba5 85. h4 Bb6 86. g4 Kc4 87. h5 Kb4 88. h6 Bd8 89. h7 Bf6 90. Kxe3 Kxa4 91. Ke4 Kb5 92. g5 Bh8 93. Kd5 1-0

[Event "Brno Duras op-A"]
[Site "Brno"]
[Date "2014.06.29"]
[Round "2"]
[White "Bata, Jiri"]
[Black "Turza, Pavel"]
[Result "0-1"]
[WhiteElo "1590"]
[BlackElo "1790"]
[PlyCount "110"]
[EventDate "2014.06.28"]
[EventType "swiss"]
[EventRounds "9"]
[EventCountry "CZE"]
[SourceTitle "CBM 161 Extra"]
[Source "ChessBase"]
[SourceDate "2014.08.29"]
[SourceVersion "1"]
[SourceVersionDate "2014.08.29"]
[SourceQuality "1"]

1. e4 e5 2. d4 exd4 3. Nf3 Nc6 4. Nxd4 Nxd4 5. Qxd4 Qf6 6. Qc4 c6 7. Nc3 Qe6 8. Qxe6+ dxe6 9. e5 Ne7 10. Bd3 Ng6 11. Bxg6 hxg6 12. Bd2 b5 13. Ne4 Bb7 14. Ba5 c5 15. f3 Bxe4 16. fxe4 Rh4 17. 0-0 Rxe4 18. Rfe1 Rxe1+ 19. Rxe1 Be7 20. Re3 Bg5 21. Rd3 Bf4 22. Bc7 c4 23. Rh3 Kd7 24. Bd6 f6 25. Bc5 Bxe5 26. b3 cxb3 27. cxb3 Kc6 28. Be3 a6 29. Kf1 f5 30. Ke2 Rd8 31. Rh4 Bf6 32. Rh3 e5 33. Rf3 b4 34. Rf1 Rd5 35. Rc1+ Kb7 36. Bc5 a5 37. a3 bxa3 38. Bxa3 Rb5 39. Rb1 Kc6 40. b4 Kd5 41. Rd1+ Kc4 42. bxa5 Rxa5 43. Bd6 e4 44. h3 Ra2+ 45. Kf1 Ra1 46. Rxa1 Bxa1 47. Ke2 Kd5 48. Bf4 Bf6 49. g3 Be5 50. Ke3 Bd4+ 51. Ke2 Kc4 52. Bd6 Kd5 53. Bf4 Be5 54. Ke3 Bxf4+ 55. gxf4 Kc4 0-1

[Event "Brno Duras op-A"]
[Site "Brno"]
[Date "2013.06.26"]
[Round "5"]
[White "Turza, Pavel"]
[Black "Svoboda, Filip"]
[Result "0-1"]
[WhiteElo "1795"]
[BlackElo "1770"]
[PlyCount "74"]
[EventDate "2013.06.22"]
[EventType "swiss"]
[EventRounds "9"]
[EventCountry "CZE"]
[SourceTitle "CBM 155 Extra"]
[Source "ChessBase"]
[SourceDate "2013.08.26"]
[SourceVersion "1"]
[SourceVersionDate "2013.08.26"]
[SourceQuality "1"]

1. c4 e6 2. Nc3 d5 3. d4 Nf6 4. Bg5 Be7 5. Qc2 h6 6. Bh4 0-0 7. Nf3 b6 8. e3 Bb7 9. Bd3 Nbd7 10. Bg3 c5 11. Rd1 Rc8 12. Qe2 Ne4 13. cxd5 exd5 14. dxc5 Nxc3 15. bxc3 Nxc5 16. 0-0 Bf6 17. Nd4 Re8 18. Rfe1 Na4 19. Qg4 Nxc3 20. Rd2 Bxd4 21. Qxd4 Qf6 22. Qxf6 gxf6 23. Bf5 Rc4 24. f3 Bc8 25. Bd3 Rc6 26. Kf2 b5 27. Rc2 Bd7 28. Kf1 Kg7 29. Bf2 a6 30. e4 dxe4 31. fxe4 Rec8 32. Rd2 Be6 33. a3 Rd8 34. Rc1 Nxe4 35. Rxc6 Nxd2+ 36. Ke2 Nc4 37. Rxa6 Bg4+ 0-1

[Event "Brno Duras op-A"]
[Site "Brno"]
[Date "2013.06.23"]
[Round "2"]
[White "Turza, Pavel"]
[Black "Docekalova, Alexandra"]
[Result "1-0"]
[WhiteElo "1795"]
[BlackElo "1875"]
[PlyCount "67"]
[EventDate "2013.06.22"]
[EventType "swiss"]
[EventRounds "9"]
[EventCountry "CZE"]
[SourceTitle "CBM 155 Extra"]
[Source "ChessBase"]
[SourceDate "2013.08.26"]
[SourceVersion "1"]
[SourceVersionDate "2013.08.26"]
[SourceQuality "1"]

1. c4 e6 2. Nc3 f5 3. e4 fxe4 4. d3 exd3 5. Bxd3 Nf6 6. Bg5 Be7 7. Qc2 Nc6 8. Bxf6 Nb4 9. Bg6+ Kf8 10. Bxe7+ Qxe7 11. Qe4 hxg6 12. a3 Nc6 13. Qxg6 Rh6 14. Qg3 Qc5 15. Nge2 Qxc4 16. Qxc7 d5 17. Rd1 Qg4 18. Nb5 Rf6 19. Qg3 Qxg3 20. hxg3 Rh6 21. Kd2 Bd7 22. Rxh6 gxh6 23. Rh1 Kg7 24. Nf4 Rf8 25. f3 a6 26. Nd6 b6 27. Rc1 Kf6 28. b4 Ke5 29. Ng6+ Kxd6 30. Nxf8 Ne5 31. Nxd7 Kxd7 32. Rh1 Nc4+ 33. Kd3 Nxa3 34. Rxh6 1-0

[Event "Brno Trade op-A 37th"]
[Site "Brno"]
[Date "2012.08.28"]
[Round "4"]
[White "Turza, Pavel"]
[Black "Zeman, Arnost"]
[Result "0-1"]
[WhiteElo "1796"]
[BlackElo "1984"]
[PlyCount "128"]
[EventDate "2012.08.26"]
[EventType "swiss"]
[EventRounds "9"]
[EventCountry "CZE"]
[SourceTitle "CBM 150 Extra"]
[Source "ChessBase"]
[SourceDate "2012.10.19"]
[SourceVersion "1"]
[SourceVersionDate "2012.10.19"]
[SourceQuality "1"]

1. c4 Nf6 2. d4 d6 3. Nc3 Nbd7 4. e4 c5 5. d5 g6 6. Nf3 Bg7 7. Bd3 a6 8. Bf4 Qc7 9. Qe2 Ng4 10. Rd1 Rb8 11. h3 Nge5 12. Bb1 Nxf3+ 13. gxf3 Ne5 14. Be3 0-0 15. f4 Nd7 16. f5 Nf6 17. Qd2 b5 18. cxb5 axb5 19. Ne2 Ra8 20. Rg1 Qa5 21. Qxa5 Rxa5 22. Bc1 b4 23. b3 Ba6 24. Be3 Nd7 25. f3 Ne5 26. Kf2 c4 27. Nd4 Bf6 28. Bg5 Nd3+ 29. Rxd3 cxd3 30. Nc6 Rc5 31. Bxf6 exf6 32. Ke3 Bb5 33. Nxb4 Rfc8 34. Kd2 Kf8 35. fxg6 fxg6 36. a4 Bd7 37. Bxd3 Rc3 38. Rb1 R3c5 39. h4 Ke7 40. Nc6+ Bxc6 41. dxc6 R5xc6 42. b4 Rc3 43. b5 Ra3 44. Rb4 Rcc3 45. Be2 Kd8 46. a5 Rcb3 47. Rxb3 Rxb3 48. b6 Kc8 49. Kc2 Re3 50. Bc4 Kb7 51. Bd5+ Ka6 52. b7 Ka7 53. a6 Ra3 54. Bc4 Rxf3 55. Kd2 Rh3 56. Ke2 Rxh4 57. Kf3 f5 58. Bd5 f4 59. Kg2 h5 60. Be6 g5 61. Bc4 g4 62. Bb5 Rh3 63. Be8 Rg3+ 64. Kh2 h4 0-1

[Event "Brno Trade op-A 37th"]
[Site "Brno"]
[Date "2012.08.26"]
[Round "2"]
[White "Turza, Pavel"]
[Black "Kantorik, Marian"]
[Result "0-1"]
[WhiteElo "1796"]
[BlackElo "2308"]
[PlyCount "104"]
[EventDate "2012.08.26"]
[EventType "swiss"]
[EventRounds "9"]
[EventCountry "CZE"]
[SourceTitle "CBM 150 Extra"]
[Source "ChessBase"]
[SourceDate "2012.10.19"]
[SourceVersion "1"]
[SourceVersionDate "2012.10.19"]
[SourceQuality "1"]

1. c4 c5 2. Nc3 Nf6 3. e3 e6 4. d4 cxd4 5. exd4 d6 6. Be3 Be7 7. h3 a6 8. a3 Nbd7 9. Nf3 b6 10. Bd3 Bb7 11. 0-0 0-0 12. Ng5 Rc8 13. f4 g6 14. Nge4 Re8 15. Qe2 Qc7 16. Rac1 Qb8 17. g4 Qa8 18. Ng3 d5 19. cxd5 exd5 20. g5 Ne4 21. Bxe4 dxe4 22. f5 Bd6 23. Qg4 Nf8 24. Nh5 gxh5 25. Qxh5 Qb8 26. Rc2 Ng6 27. Rg2 Bf8 28. fxg6 hxg6 29. Qh4 Bg7 30. Qf4 Qxf4 31. Rxf4 Rc4 32. Rd2 b5 33. Rf1 Bc6 34. Rc1 Bd7 35. h4 Rec8 36. Re1 Bf5 37. Bf2 Re8 38. Kg2 Bc8 39. Kg3 Bb7 40. Kf4 f5 41. Ke3 Rd8 42. Red1 Bf8 43. Ne2 b4 44. b3 Rcc8 45. a4 Bd5 46. Rb2 Bd6 47. Be1 Kf7 48. Nf4 Bb7 49. a5 Rc7 50. Rbb1 Rdc8 51. Bd2 Rc3+ 52. Kf2 Rf3+ 0-1

[Event "Brno Duras op-A"]
[Site "Brno"]
[Date "2012.06.28"]
[Round "7"]
[White "Turza, Pavel"]
[Black "Danek, Daniel"]
[Result "0-1"]
[WhiteElo "1807"]
[BlackElo "1753"]
[PlyCount "68"]
[EventDate "2012.06.23"]
[EventType "tourn"]
[EventRounds "9"]
[EventCountry "CZE"]
[SourceTitle "CBM 149 Extra"]
[Source "ChessBase"]
[SourceDate "2012.08.24"]
[SourceVersion "1"]
[SourceVersionDate "2012.08.24"]
[SourceQuality "1"]

1. e4 c6 2. Nc3 d5 3. exd5 cxd5 4. d4 Nf6 5. Nf3 e6 6. Be2 Nc6 7. Ne5 Qb6 8. Nxc6 bxc6 9. 0-0 Be7 10. Bf3 0-0 11. Re1 Bd6 12. a3 Bd7 13. b3 c5 14. Be3 Rac8 15. Ne2 Qc7 16. dxc5 Bxc5 17. Bxc5 Qxc5 18. Nd4 Rc7 19. Re5 Qd6 20. Qe2 Kh8 21. Re3 Re8 22. g4 e5 23. Nf5 Bxf5 24. gxf5 d4 25. Qd2 e4 26. Bg2 Qc5 27. Re2 e3 28. fxe3 Rxe3 29. c4 Rce7 30. Rxe3 dxe3 31. Qb4 Qe5 32. Re1 e2 33. Qd2 Ng4 34. Qd8+ Re8 0-1

[Event "Brno Duras op-A"]
[Site "Brno"]
[Date "2012.06.24"]
[Round "2"]
[White "Turza, Pavel"]
[Black "Kladnak, Martin"]
[Result "1-0"]
[WhiteElo "1807"]
[BlackElo "1573"]
[PlyCount "71"]
[EventDate "2012.06.23"]
[EventType "tourn"]
[EventRounds "9"]
[EventCountry "CZE"]
[SourceTitle "CBM 149 Extra"]
[Source "ChessBase"]
[SourceDate "2012.08.24"]
[SourceVersion "1"]
[SourceVersionDate "2012.08.24"]
[SourceQuality "1"]

1. e4 e5 2. Nf3 Nc6 3. Be2 Nf6 4. d3 Bc5 5. h3 0-0 6. c3 d5 7. b4 Bb6 8. exd5 Nxd5 9. a4 a6 10. Ra3 Qd6 11. b5 Nce7 12. c4 Ba5+ 13. Kf1 Nf6 14. Rb3 Nf5 15. Ba3 c5 16. bxc6 Qxc6 17. Nxe5 Qe6 18. Bxf8 Qxe5 19. Ba3 Qf4 20. Bf3 Nh5 21. Bc1 Nhg3+ 22. fxg3 Nxg3+ 23. Kf2 Qh4 24. Rf1 b5 25. Bxa8 Nf5+ 26. Kg1 Bb6+ 27. d4 Nxd4 28. Kh1 Bf5 29. Rf4 Qf6 30. Bb2 Bc7 31. Rxd4 Qg5 32. axb5 axb5 33. Na3 h6 34. Nxb5 Bf4 35. Rf3 Be3 36. Rxf5 1-0

[Event "Brno Trade op"]
[Site "Brno"]
[Date "2011.08.27"]
[Round "8"]
[White "Glacner, Karel"]
[Black "Turza, Pavel"]
[Result "0-1"]
[WhiteElo "1729"]
[BlackElo "1798"]
[PlyCount "70"]
[EventDate "2011.08.21"]
[EventType "swiss"]
[EventRounds "9"]
[EventCountry "CZE"]
[SourceTitle "CBM 144 Extra"]
[Source "ChessBase"]
[SourceDate "2011.10.28"]
[SourceVersion "1"]
[SourceVersionDate "2011.10.28"]
[SourceQuality "1"]

1. Nf3 Nf6 2. d4 d5 3. Bg5 Bf5 4. Nh4 Bg6 5. e3 e6 6. c4 c6 7. Nxg6 hxg6 8. Bd3 dxc4 9. Bxc4 Qa5+ 10. Qd2 Qxg5 11. f4 Qf5 12. Bd3 Qd5 13. a3 Na6 14. Nc3 Qa5 15. 0-0 Qh5 16. h3 g5 17. Be2 Qh4 18. Bf3 g4 19. hxg4 Nxg4 20. Bxg4 Qxg4 21. Rf3 Be7 22. Ne2 0-0-0 23. e4 Qh5 24. Rc1 Qh2+ 25. Kf1 Kb8 26. Qe3 c5 27. Rg3 cxd4 28. Nxd4 Rxd4 29. Rxg7 Rhd8 30. Ke2 Qh5+ 31. Kf1 Rd1+ 32. Kf2 Bc5 33. Rxc5 Qxc5 34. Rxf7 R1d2+ 35. Kf3 R2d3 0-1

[Event "Brno Trade op"]
[Site "Brno"]
[Date "2011.08.24"]
[Round "5"]
[White "Turza, Pavel"]
[Black "Sarson, Ondrej"]
[Result "1/2-1/2"]
[WhiteElo "1798"]
[BlackElo "1768"]
[PlyCount "84"]
[EventDate "2011.08.21"]
[EventType "swiss"]
[EventRounds "9"]
[EventCountry "CZE"]
[SourceTitle "CBM 144 Extra"]
[Source "ChessBase"]
[SourceDate "2011.10.28"]
[SourceVersion "1"]
[SourceVersionDate "2011.10.28"]
[SourceQuality "1"]

1. d4 d5 2. Nf3 Nf6 3. c3 c6 4. e3 Bg4 5. Nbd2 e6 6. Bd3 Bd6 7. Qc2 Nbd7 8. 0-0 0-0 9. Ne1 Qc7 10. f4 c5 11. Ndf3 c4 12. Be2 Ne4 13. Ne5 Bxe2 14. Qxe2 f6 15. Ng4 f5 16. Ne5 Ndf6 17. N1f3 b5 18. Nd2 Nxd2 19. Bxd2 Bxe5 20. fxe5 Ne4 21. Be1 Qe7 22. Qh5 g6 23. Qh6 Qg7 24. Qxg7+ Kxg7 25. Bf2 a6 26. Rfb1 Rfb8 27. Be1 a5 28. Kf1 a4 29. Ke2 g5 30. Kd1 Rb7 31. Kc2 Rab8 32. b3 Kg6 33. bxa4 bxa4 34. Rb4 Rxb4 35. cxb4 a3 36. Rb1 Rb5 37. Bd2 Nxd2 38. Kxd2 h5 39. Kc3 h4 40. Rf1 Rb6 41. Rf3 g4 42. Rf1 Kg5 1/2-1/2

[Event "Brno Duras op-A"]
[Site "Brno"]
[Date "2011.07.02"]
[Round "9"]
[White "Hofirek, Benedikt"]
[Black "Turza, Pavel"]
[Result "1/2-1/2"]
[WhiteElo "1980"]
[BlackElo "1798"]
[PlyCount "49"]
[EventDate "2011.06.25"]
[EventType "swiss"]
[EventRounds "9"]
[EventCountry "CZE"]
[SourceTitle "CBM 143 Extra"]
[Source "ChessBase"]
[SourceDate "2011.08.29"]
[SourceVersion "1"]
[SourceVersionDate "2011.08.29"]
[SourceQuality "1"]

1. c4 e5 2. Nc3 Nc6 3. g3 f5 4. Bg2 Nf6 5. e3 d6 6. d4 Be7 7. d5 Nb8 8. Nge2 0-0 9. 0-0 Nbd7 10. b4 a5 11. bxa5 Rxa5 12. Bd2 Ra8 13. Nc1 Nc5 14. Nb3 Nce4 15. a4 b6 16. Nb5 Bd7 17. Qc2 c6 18. dxc6 Bxc6 19. a5 Qc8 20. Rfc1 Nxd2 21. Qxd2 Bxg2 22. Kxg2 Qc6+ 23. Kg1 d5 24. Qd3 dxc4 25. Qxc4+ 1/2-1/2

[Event "Brno Duras op-A"]
[Site "Brno"]
[Date "2011.06.29"]
[Round "6"]
[White "Glacner, Karel"]
[Black "Turza, Pavel"]
[Result "0-1"]
[WhiteElo "1710"]
[BlackElo "1798"]
[PlyCount "98"]
[EventDate "2011.06.25"]
[EventType "swiss"]
[EventRounds "9"]
[EventCountry "CZE"]
[SourceTitle "CBM 143 Extra"]
[Source "ChessBase"]
[SourceDate "2011.08.29"]
[SourceVersion "1"]
[SourceVersionDate "2011.08.29"]
[SourceQuality "1"]

1. d4 d5 2. c4 c6 3. Nc3 Nf6 4. Bg5 h6 5. Bxf6 gxf6 6. e3 Rg8 7. Qf3 Be6 8. b3 Qa5 9. e4 dxe4 10. Qe3 h5 11. Nge2 f5 12. Qd2 Qc7 13. Nf4 Bh6 14. g3 Bxf4 15. gxf4 Na6 16. Ne2 h4 17. Bh3 Qb6 18. Nc1 0-0-0 19. Ne2 Nb4 20. c5 Nd3+ 21. Qxd3 exd3 22. cxb6 dxe2 23. bxa7 Kc7 24. Kxe2 Rxd4 25. Rhg1 Ra8 26. Ke3 Re4+ 27. Kf3 Rxa7 28. Rg5 Bd5 29. Rxf5 Re5+ 30. Kg4 Rxf5 31. Kxf5 Be6+ 32. Kg5 Bxh3 33. Kxh4 Be6 34. Kg3 Bxb3 35. Re1 Be6 36. f5 Ra3+ 37. Kf4 Bxa2 38. Rxe7+ Kb6 39. Re3 Rxe3 40. fxe3 f6 41. h4 Bg8 42. e4 Kc7 43. e5 Kd7 44. exf6 Ke8 45. h5 Kf7 46. Ke5 c5 47. Kd5 b6 48. Ke5 c4 49. Kd4 Kxf6 0-1

[Event "Brno Duras op-A"]
[Site "Brno"]
[Date "2011.06.26"]
[Round "2"]
[White "Paulik, Martin"]
[Black "Turza, Pavel"]
[Result "0-1"]
[WhiteElo "1616"]
[BlackElo "1798"]
[PlyCount "94"]
[EventDate "2011.06.25"]
[EventType "swiss"]
[EventRounds "9"]
[EventCountry "CZE"]
[SourceTitle "CBM 143 Extra"]
[Source "ChessBase"]
[SourceDate "2011.08.29"]
[SourceVersion "1"]
[SourceVersionDate "2011.08.29"]
[SourceQuality "1"]

1. e4 e5 2. Nf3 Nc6 3. d4 exd4 4. Nxd4 g6 5. Be3 Bg7 6. Bc4 d6 7. Nc3 Nge7 8. Qd2 Ne5 9. Bb3 Bd7 10. f3 h6 11. 0-0-0 a6 12. f4 N5c6 13. h4 Na5 14. a3 Nxb3+ 15. cxb3 b5 16. Nc2 Bg4 17. Rde1 0-0 18. f5 h5 19. fxg6 fxg6 20. Nd5 Qd7 21. Bg5 Nxd5 22. exd5 Be5 23. Nd4 Qf7 24. Nc6 Bf4 25. Bxf4 Qxf4 26. Qxf4 Rxf4 27. Re7 Rf7 28. Rhe1 Raf8 29. Rxf7 Rxf7 30. Nb4 Rf5 31. Nxa6 Rxd5 32. Re3 c5 33. Nc7 Rd1+ 34. Kc2 Rg1 35. g3 Bd7 36. Nd5 Bf5+ 37. Kd2 Rg2+ 38. Kc1 Rc2+ 39. Kd1 Rxb2 40. Ne7+ Kf7 41. Nxf5 gxf5 42. Kc1 Rf2 43. a4 bxa4 44. bxa4 Ra2 45. Rf3 Rxa4 46. Rxf5+ Kg6 47. Kc2 Kxf5 0-1

[Event "Brno Trade op"]
[Site "Brno"]
[Date "2010.08.22"]
[Round "2"]
[White "Chmelicek, Bronislav"]
[Black "Turza, Pavel"]
[Result "1/2-1/2"]
[WhiteElo "1976"]
[BlackElo "1811"]
[PlyCount "43"]
[EventDate "2010.08.22"]
[EventType "swiss"]
[EventRounds "9"]
[EventCountry "CZE"]
[SourceTitle "CBM 138 Extra"]
[Source "ChessBase"]
[SourceDate "2010.10.29"]
[SourceVersion "1"]
[SourceVersionDate "2010.10.29"]
[SourceQuality "1"]

1. e4 e5 2. Nf3 d6 3. d4 Nc6 4. Bb5 Bd7 5. 0-0 Nf6 6. Nc3 Be7 7. Re1 Nxd4 8. Nxd4 exd4 9. Bxd7+ Qxd7 10. Qxd4 0-0 11. Bg5 Rfd8 12. Rad1 Ne8 13. Bxe7 Qxe7 14. Re3 Qe5 15. Qxe5 dxe5 16. Red3 Rxd3 17. Rxd3 Kf8 18. Rd7 Rc8 19. Nd5 c6 20. Ne3 Rc7 21. Rd3 g6 22. Nc4 1/2-1/2

[Event "Brno Trade op"]
[Site "Brno"]
[Date "2010.08.22"]
[Round "1"]
[White "Turza, Pavel"]
[Black "Fiala, Vaclav"]
[Result "0-1"]
[WhiteElo "1811"]
[BlackElo "2161"]
[PlyCount "90"]
[EventDate "2010.08.22"]
[EventType "swiss"]
[EventRounds "9"]
[EventCountry "CZE"]
[SourceTitle "CBM 138 Extra"]
[Source "ChessBase"]
[SourceDate "2010.10.29"]
[SourceVersion "1"]
[SourceVersionDate "2010.10.29"]
[SourceQuality "1"]

1. e4 c5 2. f4 d6 3. Nf3 Nf6 4. d3 g6 5. Be2 Bg7 6. 0-0 0-0 7. Nh4 e6 8. Nc3 d5 9. e5 Nfd7 10. g3 Nc6 11. Bg4 Rb8 12. Nb5 Nb6 13. c3 Bd7 14. Nd6 Nxe5 15. fxe5 Bxe5 16. Bf4 Bxf4 17. Rxf4 Qe7 18. Nxf7 Rxf7 19. Rxf7 Qxf7 20. Qf3 Rf8 21. Qxf7+ Rxf7 22. Re1 e5 23. Bd1 Bb5 24. Rxe5 Bxd3 25. Bf3 d4 26. Rxc5 dxc3 27. bxc3 Kg7 28. Bg2 Na4 29. Rc8 Rd7 30. Nf3 Bf5 31. Rc4 b5 32. Rc6 Be4 33. Rc8 Bb7 34. Rb8 Nxc3 35. Ne5 Rd1+ 36. Kf2 Rd2+ 37. Ke3 Re2+ 38. Kd3 Bxg2 39. Rxb5 Nxb5 40. Kxe2 Bd5 41. a4 Nc3+ 42. Kd3 Nxa4 43. Kd4 Bb7 44. Kc4 Kf6 45. Nd7+ Kf5 0-1

[Event "Brno Duras op-A"]
[Site "Brno"]
[Date "2010.07.02"]
[Round "6"]
[White "Turza, Pavel"]
[Black "Sladek, Vladislav"]
[Result "0-1"]
[WhiteElo "1811"]
[BlackElo "2080"]
[PlyCount "52"]
[EventDate "2010.06.27"]
[EventType "swiss"]
[EventRounds "9"]
[EventCountry "CZE"]
[SourceTitle "CBM 137 Extra"]
[Source "ChessBase"]
[SourceDate "2010.09.01"]
[SourceVersion "1"]
[SourceVersionDate "2010.09.01"]
[SourceQuality "1"]

1. d4 d5 2. e3 Nf6 3. Ne2 Bg4 4. f3 Bh5 5. Ng3 Bg6 6. Bd3 e6 7. 0-0 Bd6 8. f4 Bxd3 9. Qxd3 Nbd7 10. Nd2 c5 11. c3 h5 12. Nf3 h4 13. Nh1 Qc7 14. Ng5 Nb6 15. e4 dxe4 16. Nxe4 Nxe4 17. Qxe4 0-0-0 18. dxc5 Bxc5+ 19. Nf2 Nc4 20. Qe2 h3 21. b3 hxg2 22. Kxg2 Nd6 23. Be3 Qc6+ 24. Kg1 Rh6 25. Bxc5 Rg6+ 26. Ng4 Qxc5+ 0-1

[Event "Brno Duras op-A"]
[Site "Brno"]
[Date "2010.07.01"]
[Round "5"]
[White "Petruska, Miroslav"]
[Black "Turza, Pavel"]
[Result "1-0"]
[WhiteElo "2006"]
[BlackElo "1811"]
[PlyCount "69"]
[EventDate "2010.06.27"]
[EventType "swiss"]
[EventRounds "9"]
[EventCountry "CZE"]
[SourceTitle "CBM 137 Extra"]
[Source "ChessBase"]
[SourceDate "2010.09.01"]
[SourceVersion "1"]
[SourceVersionDate "2010.09.01"]
[SourceQuality "1"]

1. e4 d5 2. exd5 Qxd5 3. Nc3 Qd8 4. d4 Nf6 5. Nf3 e6 6. Bc4 Be7 7. 0-0 0-0 8. Re1 Bd7 9. d5 Nxd5 10. Nxd5 exd5 11. Qxd5 Bc6 12. Qxd8 Bxd8 13. Ne5 Bf6 14. Bf4 Be8 15. c3 Bxe5 16. Bxe5 Nd7 17. Bg3 Nb6 18. Bb3 Rc8 19. Re7 Na8 20. Bd5 Bc6 21. Bxc6 bxc6 22. Rae1 Rfd8 23. c4 Kf8 24. c5 Re8 25. Rxe8+ Rxe8 26. Rxe8+ Kxe8 27. b4 Kd7 28. Kf1 Ke6 29. Ke2 Kd5 30. Kd3 f5 31. Bf4 Ke6 32. h4 h5 33. Kd4 a6 34. Bg5 g6 35. a3 1-0